000 00752nam a2200229 a 4500
005 20140310183548.0
008 111005s19uu xx 00 eng d
020 _a0736067043
050 _aGV 443
_b.T495 2008
100 _aThomas, Katherine T.
245 _aPhysical education methods for elementary teachers /
_cKatherine T. Thomas, Amelia Lee, Jerry R. Thomas,.
250 _a3rd ed.
260 _aChampaign, IL :
_bHuman Kinetics,
_c2008.
300 _a451 p. :
_bill. ;
_c28 cm.
521 _aEDU
650 _aPhysical education for children
_xStudy and teaching (Elementary)
650 _aPhysical education for children
_xCurricula
700 _aLee, Amelia
700 _aThomas, Jerry R.
942 _cBK
_2lcc
_kFOR
999 _c24907
_d24907